00443nam a2200157Ia 4500001000700000008004100007082001400048100003100062245007500093260002300168300001100191440004000202500000500242503000500247650003300252Z_3070220601s9999 xx 000 0 und d a633.2 E3y a Ede, Ronald Ede, Ronald aProducción de semillas pratenses / por Ronald Ede Ede, Ronald Ede aZaragoza : Acribia a165 p. aManuales de teécnica agropecuaria a a a1. Pastos - Semilla I. t.Ì